000 00584nam a2200205Ia 4500
005 20250923144404.0
008 008 250917s9999 xx 000 0 eng d
037 _aReports
040 _aDSWL
_beng
_cDSWL
041 _aeng
_2eng
084 _aX:958t2:N3, H4
_qDSWL
100 _aADARKAR, B P
_9824401
245 0 _aReport on health insurance for industrial workers
_cby B P ADARKAR
260 _aSimla
_bGovt Press
_c1944
300 _a123p.
365 _aINR
_b1.6
925 _g1.6
942 _cREP
_hX:958t2:N3, H4
999 _c1438243
_d1438243